[Event "Evora"]
[Site "?"]
[Date "2006.07.24"]
[Round "3"]
[White "Nataf Igor Alexandre"]
[Black "Spraggett Kevin"]
[Result "0-1"]
[WhiteElo "2592"]
[BlackElo "2577"]
[PlyCount "72"]
[EventDate "2006.??.??"]
[Source "www.chesslib.no"]
[SourceDate "2004.05.04"]

1. e4 c5 2. Nf3 d6 3. d4 Nf6 4. Nc3 cxd4 5. Nxd4 Nc6 6. Bg5 e6 7. Qd2 Be7 8. O-O-O Qb6 9. Ndb5 O-O 10. Qe1 Rd8 11. f4 Rd7 12. Bxf6 Bxf6 13. Nxd6 Bxc3 14. bxc3 Qa5 15. Kb2 b5 16. e5 Rb8 17. Rd3 Bb7 18. Rh3 Ne7 19. Bd3 h6 20. Be4 Bd5 21. a3 Rc7 22. Rf1 Rc6 23. Qh4 Ra6 24. Kc1 Qxa3+ 25. Kd2 Bxe4 26. Qxe7 Bg6 27. Rg3 Qa2 28. f5 Qd5+ 29. Rd3 Qxg2+ 30. Ke3 Qxf1 31. fxg6 Qg1+ 32. Kd2 Qf2+ 33. Kc1 Qe1+ 34. Rd1 Ra1+ 35. Kb2 Qxd1 36. gxf7+ Kh7 0-1

[Event "1st Pfalz Open"]
[Site "Neustadt a.d. Weinstrasse GER"]
[Date "2008.02.20"]
[Round "6"]
[White "Berelovich, A."]
[Black "Greenfeld, A."]
[Result "0-1"]
[WhiteElo "2606"]
[BlackElo "2559"]
[PlyCount "100"]
[EventDate "2008.02.16"]
[Source "www.chesslib.no"]
[SourceDate "2004.05.04"]

1. e4 c5 2. Nf3 d6 3. d4 cxd4 4. Nxd4 Nf6 5. Nc3 Nc6 6. Bg5 e6 7. Qd2 Be7 8. O-O-O O-O 9. Nb3 Qb6 10. f3 a6 11. Kb1 Rd8 12. Be3 Qc7 13. Qf2 Nd7 14. h4 b5 15. g4 Rb8 16. g5 Nb6 17. h5 Na4 18. Ne2 d5 19. exd5 Nb4 20. Nf4 e5 21. Nd3 Nxd5 22. Bd2 Bf5 23. Bh3 Bxh3 24. Rxh3 Nf4 25. Bxf4 exf4 26. Nd2 Rxd3 27. cxd3 Qd7 28. Rhh1 Qxd3+ 29. Ka1 Nxb2 30. Rb1 Na4 31. Ne4 Bc5 32. Nxc5 Qc3+ 33. Rb2 Nxb2 34. Ne4 Nd3+ 35. Nxc3 Nxf2 36. Re1 Nd3 37. Re4 Rc8 38. Ne2 Kf8 39. Rd4 Ne5 40. Rxf4 Rc2 41. Re4 Nxf3 42. g6 hxg6 43. hxg6 fxg6 44. Re3 Nd2 45. Nd4 Rc1+ 46. Kb2 Nc4+ 47. Kxc1 Nxe3 48. Ne6+ Ke7 49. Nc7 Kd6 50. Nxa6 Nd5 0-1

[Event "Mind Sports Games - Blitz Ind"]
[Site "Pechino CINA"]
[Date "2008.10.04"]
[Round "1"]
[White "Aveskulov, V."]
[Black "Balogh, C."]
[Result "1/2-1/2"]
[WhiteElo "2544"]
[BlackElo "2616"]
[PlyCount "86"]
[EventDate "2008.10.04"]
[Source "www.chesslib.no"]
[SourceDate "2004.05.04"]

1. e4 c5 2. Nf3 d6 3. d4 cxd4 4. Nxd4 Nf6 5. Nc3 Nc6 6. Bg5 e6 7. Qd2 Be7 8. O-O-O O-O 9. f3 Nxd4 10. Qxd4 a6 11. h4 b5 12. Kb1 Bb7 13. Bd3 Qc7 14. g4 Rfd8 15. Ne2 Rac8 16. Qe3 Qc5 17. Qd2 d5 18. e5 Ne4 19. Qe3 Bxg5 20. Qxc5 Rxc5 21. hxg5 Nf2 22. Bxh7+ Kf8 23. Nd4 Ke7 24. Rdf1 Nxh1 25. Rxh1 Rh8 26. f4 Rc4 27. c3 b4 28. Kc2 g6 29. f5 gxf5 30. gxf5 exf5 31. Nxf5+ Kd7 32. Ne3 Kc7 33. Rh4 Rxh7 34. Rxc4+ Kd7 35. Rxb4 Rh2+ 36. Kd3 Rxb2 37. Kd4 Rc2 38. Kd3 Rb2 39. Kd4 Ke7 40. g6 Rc2 41. Kd3 Rc1 42. Rb6 Re1 43. Kd4 Rd1+ 1/2-1/2

[Event "Capablanca mem Elite 37th"]
[Site "Havana"]
[Date "2002.05.06"]
[Round "1"]
[White "Morovic Fernandez, Ivan"]
[Black "Stefansson, Hannes"]
[Result "1/2-1/2"]
[WhiteElo "2556"]
[BlackElo "2598"]
[PlyCount "46"]
[EventDate "2002.05.06"]
[Source "ChessBase"]
[SourceDate "2002.08.12"]

1. e4 c5 2. Nf3 d6 3. d4 cxd4 4. Nxd4 Nf6 5. Nc3 Nc6 6. Bg5 e6 7. Qd2 Be7 8. O-O-O Nxd4 9. Qxd4 a6 10. f4 b5 11. Bxf6 gxf6 12. Kb1 Qc7 13. f5 Qc5 14. a4 Qxd4 15. Rxd4 bxa4 16. Rxa4 Bd8 17. Bc4 Ke7 18. Ne2 Bb6 19. Rf1 Bc5 20. Nf4 a5 21. Nd3 Bb6 22. Nf4 Bc5 23. Nd3 Bb6 1/2-1/2